000 00848nam a2200205 i 4500
001 177192
003 ES-MaACL
005 20250524063101.0
008 110308s1950 sp f i 001 0 spa d
100 1 _aPaz Remolar, Ramón,
_d1905-1985
_989781
245 1 0 _aRevista contemporánea, (Madrid, 1875-1907) /
_cpor Ramón Paz.
260 _aMadrid :
_bInstituto "Miguel de Cervantes", del Consejo Superior de Investigaciones Científicas,
_c1950.
300 _aXIII, 569 p., [4] p. de lám.. ;
_c25 cm.
490 1 _aColección de índices de publicaciones periódicas ;
_v13
630 0 _aRevista contemporánea (Madrid)-
_vÍndices.
_9145482
710 2 _aInstituto "Miguel de Cervantes"
_95133
830 1 _aColección de índices de publicaciones periódicas ;
_v13
_9184798
852 _aES-MaACL
_jL-13870
999 _c177192
_d177192